000 01261nam a22002657a 4500
005 20080905121451.0
008 110608t xxu||||| |||| 00| 0 hin d
010 _aHIN-92908
020 _c275.00
_a8189537962
035 _aHN-65254
037 _bDBAD / PUB
040 _aDPL
_bHN
082 _a307.14
100 _928442
_aदुबे, सत्यमित्र
245 _aभारत में राष्ट्र-निर्माण की चुनौतियाँ और सामाजिक-आर्थिक विकास की समस्याएँ /
_cसत्यमित्र दुबे
260 _aदिल्ली
_bयश पब्लिकेशन्स
_c2010
270 _aX/909, चाँद मौहल्ला, गांधी नगर
_bदिल्ली
_e110031
_k09899938522
_myash_publication@hotmail.com
300 _a152पृ
_c22सेमी (सजिल्द)
650 _928443
650 _928455
700 _928521
700 _928536
942 _adpl
_cHN
_2ddc
_mदुबेस
_h307.14
999 _c52871
_d52871